000 01805nam0a2200397 4500
001 RU\NLR\bibl\1907082
005 20250616200354.0
010 _a978-5-94826-318-2
_9100
021 _aRU
_b2012-34505
_92563
021 _aRU
_b2012-33955
_92522
035 _a(nilc)RSL-KNO-005438023
035 _a(NLR Aleph) 001896647
090 _a2992358
_c2992358
100 _a20120521d2011 |||y0rusy50 ca
101 0 _arus
102 _aRU
105 _ay |||||||||
200 1 _aНекоторые аспекты правового регулирования информации с ограниченным доступом
_fН. В. Юрасюк
_gФедеральное гос. бюджетное образовательное учреждение высш. проф. образования "Калининградский гос. технический ун-т"
210 _aКалининград
_cКГТУ
_d2011
215 _a178, [1] с.
_d21
320 _aБиблиогр. в подстроч. примеч.
606 1 _aГосударственная тайна
_xЗащита
_yРоссийская Федерация
_91307527
_3RU\NLR\auth\66542117
606 1 _aКоммерческая тайна
_xОхрана
_xПравовые вопросы
_yРоссийская Федерация
_92403499
_3RU\NLR\auth\661432541
610 0 _aгосударственная тайна
610 0 _aкоммерческая тайна
686 _aХ623.02,0
_2rubbk
686 _aХ621.163.16
686 _aХ623.012.081
700 1 _aЮрасюк
_bН. В.
_gНаталья Васильевна
_4070
801 0 _aRU
_bRuMoRKP
_c20120521
_grcr
801 1 _aRU
_bРГБ
_c20120521
801 2 _aRU
_bNLR
_c20120525
_grcr
830 _aпо кн
942 _cBOOK
980 _aNB